| 000 | 00498nam a22001577a 4500 | ||
|---|---|---|---|
| 008 | 161018b xxu||||| |||| 00| 0 eng d | ||
| 020 | _a9718210040 | ||
| 082 |
_22000 _aDFil 160 _bG93 |
||
| 100 |
_916387 _aGualdo, Rosendo S. |
||
| 245 |
_aLogic: _bthe basics of correct reasoning/ _cRosendo S. Gualdo |
||
| 260 |
_aValenzuela City: _bMutya Publishing House, _cc2000. |
||
| 300 |
_a156 pages; _c 25 cm. |
||
| 500 | _aIncludes bibliographical references | ||
| 650 | 0 |
_916388 _aLogic. |
|
| 942 |
_2ddc _cDFIL |
||
| 999 |
_c5293 _d5293 |
||